Umelá inteligencia ako nástroj modernizácie a skvalitnenia ESG riadenia

Cieľom príspevku je priblížiť význam ESG faktorov v modernom podnikateľskom a investičnom prostredí so zameraním na ich regulačný rámec a využitie umelej inteligencie. Štúdia poukazuje na posun od tradičných finančných ukazovateľov k širšiemu hodnoteniu udržateľnosti a transparentnosti, ktoré prispi...

Descripción completa

Guardado en:
Detalles Bibliográficos
Autor principal: Vavlič, Lukáš, 1992-
Otros Autores: Kopčáková, Janka, 1994-
Formato: Capítulo de libro
Lenguaje:eslovaco
Materias:
Etiquetas: Agregar Etiqueta
Sin Etiquetas, Sea el primero en etiquetar este registro!

MARC

LEADER 00000naa$a2200000$$$4500
001 0312751
005 20251015080718.8
041 0 |a slo 
044 |a SK 
245 1 0 |a Umelá inteligencia ako nástroj modernizácie a skvalitnenia ESG riadenia  |c Lukáš Vavlič, Janka Kopčáková 
520 |a Cieľom príspevku je priblížiť význam ESG faktorov v modernom podnikateľskom a investičnom prostredí so zameraním na ich regulačný rámec a využitie umelej inteligencie. Štúdia poukazuje na posun od tradičných finančných ukazovateľov k širšiemu hodnoteniu udržateľnosti a transparentnosti, ktoré prispieva k znižovaniu rizika a posilňovaniu dôvery. ESG rámce sa stávajú kľúčovou súčasťou strategického riadenia, pričom svoje miesto nachádzajú taktiež v akademickom prostredí. 
610 2 0 |a ESG 
610 2 0 |a ekonomika zelená 
610 2 0 |a myslenie ekologické 
610 2 0 |a inteligencia umelá 
610 2 0 |a vzdelanie 
100 1 |a Vavlič, Lukáš, 1992- 
700 1 |a Kopčáková, Janka, 1994-